KOHA-Header-6

Leadership: The Art Of Delegation (Record no. 6603)

000 -LEADER
fixed length control field 00274nam a2200109Ia 4500
100 ## - MAIN ENTRY--AUTHOR NAME
Personal name David Oates
245 #0 - TITLE STATEMENT
Title Leadership: The Art Of Delegation
260 ## - PUBLICATION, DISTRIBUTION, ETC. (IMPRINT)
Place of publication England
Name of publisher Prentice Hall Inc.
Year of publication 1993
300 ## - PHYSICAL DESCRIPTION
Number of Pages 239
942 ## - ADDED ENTRY ELEMENTS (KOHA)
Koha item type Books
Holdings
Withdrawn status Lost status Permanent Location Current Location Date acquired Full call number Accession Number Koha item type
    MAJU MAJU 2019-09-07 005.133 2802 Books

Powered by Koha